000 00580nam a2200193 a 4500
001 4777
003 CO-ViMGA
008 141112s2004 ck r 000 u spa d
040 _aCO-ViMGA
_bspa
_cCO-ViMGA
082 0 4 _a986.1076 G147
100 1 _aGaitán, Gloria
_92933
245 1 0 _aLa lucha por la tierra en la decada del treinta :
_bgenesis de la organización sindical campesina
250 _a2a
260 _aBogotá :
_bEl Ancora,
_c1984
300 _a92 p
650 1 4 _aCOLOMBIA - HISTORIA CONTEMPORANEA
_95114
650 1 4 _aSINDICALISMO CAMPESINO
_92934
942 _2ddc
_cBK
999 _c16784
_d16784